[Event "Lloyds Bank Masters 08th"]
[Site "London, Park Lane Hotel"]
[Date "1984.08.22"]
[Round "1"]
[White "Adams, Michael"]
[Black "Sedgwick, David"]
[Result "1-0"]
[WhiteElo "2130"]
[BlackElo "2025"]
[PlyCount "63"]
[EventDate "1984.08.22"]
[EventType "swiss"]
[EventRounds "9"]
[EventCountry "ENG"]
[SourceTitle "BritBase"]
[Source "John Saunders"]
[SourceDate "2021.06.18"]
[SourceVersion "1"]
[SourceVersionDate "2021.06.18"]
[SourceQuality "2"]

1. e4 e6 2. d4 d5 3. Nd2 Nf6 4. e5 Nfd7 5. f4 c5 6. c3 Nc6 7. Ndf3 cxd4 8. cxd4
f6 9. Bd3 Bb4+ 10. Bd2 Qb6 11. Ne2 fxe5 12. fxe5 O-O 13. a3 Be7 14. Qc2 Rxf3
15. gxf3 Nxd4 16. Nxd4 Qxd4 17. O-O-O Nxe5 18. Bxh7+ Kh8 19. Kb1 Qh4 20. Bc3
Bf6 21. f4 Nc4 22. Bxf6 Qxf6 23. Bd3 b5 24. Qe2 Bd7 25. Rhg1 Be8 26. Rde1 Bf7
27. Rg3 Rc8 28. Reg1 Nd6 29. Rxg7 Nf5 30. R7g5 Rc7 31. Bxf5 exf5 32. Rh5+ 1-0

[Event "Lloyds Bank Masters 08th"]
[Site "London, Park Lane Hotel"]
[Date "1984.08.22"]
[Round "1"]
[White "Ady, Jonathan James"]
[Black "Saeed, Saeed Ahmed"]
[Result "0-1"]
[WhiteElo "2290"]
[BlackElo "2430"]
[PlyCount "62"]
[EventDate "1984.08.22"]
[EventType "swiss"]
[EventRounds "9"]
[EventCountry "ENG"]
[SourceTitle "BritBase"]
[Source "John Saunders"]
[SourceDate "2021.06.18"]
[SourceVersion "1"]
[SourceVersionDate "2021.06.18"]
[SourceQuality "2"]

1. e4 c5 2. Nf3 d6 3. d4 cxd4 4. Nxd4 Nf6 5. Nc3 a6 6. Bg5 e6 7. f4 Qb6 8. Qd2
Qxb2 9. Rb1 Qa3 10. f5 Nc6 11. fxe6 fxe6 12. Nxc6 bxc6 13. e5 dxe5 14. Bxf6
gxf6 15. Ne4 Be7 16. Be2 h5 17. Rb3 Qa4 18. c4 f5 19. O-O fxe4 20. Qd1 Bc5+ 21.
Kh1 Bd4 22. Bxh5+ Kd8 23. Rf7 Qxc4 24. Rh3 Qxa2 25. Qf1 Bd7 26. Rg3 Kc7 27. Bd1
Qa1 28. Rgg7 Rhd8 29. h4 Rab8 30. Qe2 e3 31. Rf1 Rf8 0-1

[Event "Lloyds Bank Masters 08th"]
[Site "London, Park Lane Hotel"]
[Date "1984.08.22"]
[Round "1"]
[White "Anderton, David William"]
[Black "Short, Nigel D"]
[Result "0-1"]
[WhiteElo "2250"]
[BlackElo "2510"]
[PlyCount "78"]
[EventDate "1984.08.22"]
[EventType "swiss"]
[EventRounds "9"]
[EventCountry "ENG"]
[SourceTitle "BritBase"]
[Source "John Saunders"]
[SourceDate "2021.06.18"]
[SourceVersion "1"]
[SourceVersionDate "2021.06.18"]
[SourceQuality "2"]

1. d4 e6 2. c4 Nf6 3. Nc3 Bb4 4. e3 c5 5. Nge2 cxd4 6. exd4 d5 7. a3 Be7 8. c5
b6 9. b4 O-O 10. Bf4 Bb7 11. Nc1 bxc5 12. bxc5 Ne4 13. Nxe4 dxe4 14. Bc4 Bd5
15. Bxd5 Qxd5 16. Ne2 Nc6 17. Qa4 e5 18. dxe5 Nxe5 19. O-O Nd3 20. Nc3 Qe6 21.
Bd6 Bxd6 22. cxd6 Rac8 23. Nb5 e3 24. Qd4 e2 25. Qxd3 exf1=Q+ 26. Rxf1 Qd7 27.
Rd1 Rc6 28. Nc3 Rfc8 29. Ne4 Rc1 30. h3 Rxd1+ 31. Qxd1 h6 32. Qd5 Rd8 33. g4
Qe6 34. Qa5 Rc8 35. f3 Qa2 36. Nf2 Qa1+ 37. Kg2 Qd4 38. Kg3 Qxd6+ 39. Kg2 Qd4
0-1

[Event "Lloyds Bank Masters 08th"]
[Site "London, Park Lane Hotel"]
[Date "1984.08.22"]
[Round "1"]
[White "Arkell, Keith C"]
[Black "Kudrin, Sergey"]
[Result "0-1"]
[WhiteElo "2345"]
[BlackElo "2550"]
[PlyCount "100"]
[EventDate "1984.08.22"]
[EventType "swiss"]
[EventRounds "9"]
[EventCountry "ENG"]
[SourceTitle "BritBase"]
[Source "John Saunders"]
[SourceDate "2021.06.18"]
[SourceVersion "1"]
[SourceVersionDate "2021.06.18"]
[SourceQuality "2"]

1. d4 Nf6 2. Nf3 e6 3. Bf4 c5 4. c3 b6 5. e3 Bb7 6. Nbd2 Be7 7. h3 O-O 8. Bd3
d6 9. O-O Nbd7 10. Bh2 Re8 11. a4 a6 12. Qb1 Bf8 13. Rd1 g6 14. b4 Rb8 15. Qa2
Rc8 16. Rab1 Nd5 17. Ne4 f5 18. Nxd6 Bxd6 19. Bxd6 Nxc3 20. Qb3 Nxd1 21. Qxd1
c4 22. Bc2 Nf6 23. Be5 Ne4 24. Bxe4 Bxe4 25. Rc1 Qe7 26. Qd2 Qd7 27. Qa2 Bxf3
28. gxf3 Qd5 29. Qe2 Qc6 30. Ra1 b5 31. axb5 Qxb5 32. Bd6 c3 33. Qc2 Qd5 34.
Bc5 Qxf3 35. Rxa6 Qxh3 36. b5 g5 37. Ra3 Ra8 38. Qxc3 f4 39. exf4 Rxa3 40. Qxa3
Qxa3 41. Bxa3 gxf4 42. Bc5 Rb8 43. b6 Kf7 44. Kg2 Kg6 45. Kh3 Kf5 46. Kh4 Ra8
47. Kh5 Ra1 48. Kh6 Rh1+ 49. Kg7 h5 50. Kh6 Kg4 0-1

[Event "Lloyds Bank Masters 08th"]
[Site "London, Park Lane Hotel"]
[Date "1984.08.22"]
[Round "1"]
[White "Bartels, Hans A"]
[Black "Miles, Anthony John"]
[Result "0-1"]
[WhiteElo "2260"]
[BlackElo "2565"]
[PlyCount "66"]
[EventDate "1984.08.22"]
[EventType "swiss"]
[EventRounds "9"]
[EventCountry "ENG"]
[SourceTitle "BritBase"]
[Source "John Saunders"]
[SourceDate "2021.06.18"]
[SourceVersion "1"]
[SourceVersionDate "2021.06.18"]
[SourceQuality "2"]

1. c4 e5 2. Nc3 Nf6 3. Nf3 Nc6 4. g3 Bb4 5. Bg2 O-O 6. O-O d6 7. d3 Bxc3 8.
bxc3 e4 9. Ng5 exd3 10. exd3 Bg4 11. f3 Bd7 12. f4 Rb8 13. Ne4 Nxe4 14. Bxe4
Qf6 15. f5 Rfe8 16. Rb1 Ne7 17. d4 h6 18. Rf4 Kf8 19. Qd3 a6 20. Be3 b5 21.
cxb5 d5 22. Bg2 Bxb5 23. Qc2 Bc4 24. Bf1 Kg8 25. Bxc4 dxc4 26. Re1 Nc8 27. Qa4
Nb6 28. Qxa6 Qc6 29. Qa5 Nd5 30. Rf3 Nxe3 31. Rfxe3 Rxe3 32. Rxe3 Rb1+ 33. Kf2
Qh1 0-1

[Event "Lloyds Bank Masters 08th"]
[Site "London, Park Lane Hotel"]
[Date "1984.08.22"]
[Round "1"]
[White "Chandler, Murray G"]
[Black "Lavie, Amikam"]
[Result "1-0"]
[WhiteElo "2540"]
[BlackElo "2210"]
[PlyCount "61"]
[EventDate "1984.08.22"]
[EventType "swiss"]
[EventRounds "9"]
[EventCountry "ENG"]
[SourceTitle "BritBase"]
[Source "John Saunders"]
[SourceDate "2021.06.18"]
[SourceVersion "1"]
[SourceVersionDate "2021.06.18"]
[SourceQuality "2"]

1. e4 c5 2. Nf3 e6 3. d4 cxd4 4. Nxd4 a6 5. Bd3 Nf6 6. O-O d6 7. c4 Be7 8. Nc3
O-O 9. Be3 Nc6 10. Nxc6 bxc6 11. f4 e5 12. f5 d5 13. cxd5 cxd5 14. Nxd5 Nxd5
15. exd5 Qxd5 16. f6 Bb7 17. Bxh7+ Kxh7 18. Qxd5 Bxd5 19. fxe7 Rfe8 20. Rfd1
Be6 21. Bc5 Kg6 22. b4 f5 23. a4 Kf6 24. b5 axb5 25. axb5 Rab8 26. b6 f4 27.
Ra7 e4 28. Rd8 e3 29. Rxe8 Rxe8 30. b7 Rb8 31. Bd6 1-0

[Event "Lloyds Bank Masters 08th"]
[Site "London, Park Lane Hotel"]
[Date "1984.08.22"]
[Round "1"]
[White "De Firmian, Nick E"]
[Black "Behling, Robert"]
[Result "1-0"]
[WhiteElo "2475"]
[BlackElo "2300"]
[PlyCount "83"]
[EventDate "1984.08.22"]
[EventType "swiss"]
[EventRounds "9"]
[EventCountry "ENG"]
[SourceTitle "BritBase"]
[Source "John Saunders"]
[SourceDate "2021.06.18"]
[SourceVersion "1"]
[SourceVersionDate "2021.06.18"]
[SourceQuality "2"]

1. e4 c6 2. d4 d5 3. Nd2 dxe4 4. Nxe4 Bf5 5. Ng3 Bg6 6. h4 h6 7. Nf3 Nd7 8. h5
Bh7 9. Bd3 Bxd3 10. Qxd3 Qc7 11. Bd2 e6 12. O-O-O Ngf6 13. Ne4 O-O-O 14. g3 Nc5
15. Nxc5 Bxc5 16. c4 Be7 17. Bc3 Kb8 18. Qe2 Ka8 19. Ne5 Bd6 20. f4 b5 21. cxb5
cxb5 22. Qxb5 Nd5 23. Qa5 Bxe5 24. dxe5 Rc8 25. Qxc7 Rxc7 26. Kd2 Rd8 27. Ke2
Rxc3 28. Rxd5 Rc2+ 29. Kd3 Rdc8 30. Rd8 Rxd8+ 31. Kxc2 Rc8+ 32. Kd3 Rd8+ 33.
Ke2 Rc8 34. Rd1 Rc7 35. Rd8+ Kb7 36. Kd3 a5 37. Rg8 f6 38. exf6 gxf6 39. Rg6
Rf7 40. Rxh6 Kc6 41. Rg6 Kd5 42. h6 1-0

[Event "Lloyds Bank Masters 08th"]
[Site "London, Park Lane Hotel"]
[Date "1984.08.22"]
[Round "1"]
[White "Dunnington, Angus J"]
[Black "Kuznecov, Alex"]
[Result "1-0"]
[WhiteElo "2325"]
[BlackElo "2245"]
[PlyCount "55"]
[EventDate "1984.08.22"]
[EventType "swiss"]
[EventRounds "9"]
[EventCountry "ENG"]
[SourceTitle "BritBase"]
[Source "John Saunders"]
[SourceDate "2021.06.18"]
[SourceVersion "1"]
[SourceVersionDate "2021.06.18"]
[SourceQuality "2"]

1. e4 c5 2. Nf3 d6 3. c3 Nf6 4. Bd3 Nc6 5. h3 e6 6. Bc2 d5 7. e5 Nd7 8. d4 Be7
9. O-O O-O 10. Re1 cxd4 11. cxd4 Nb6 12. a3 Bd7 13. Nc3 a6 14. Qd3 g6 15. Bh6
Re8 16. h4 Bxh4 17. g4 Be7 18. g5 Nc4 19. Rab1 b5 20. Ne2 a5 21. Nf4 a4 22. Nh5
b4 23. Nf6+ Bxf6 24. gxf6 Qb6 25. Kg2 Bc8 26. Rh1 Ba6 27. Bg7 N4xe5 28. Rxh7
1-0

[Event "Lloyds Bank Masters 08th"]
[Site "London, Park Lane Hotel"]
[Date "1984.08.22"]
[Round "1"]
[White "Greenfeld, Alon"]
[Black "Huenerkopf, Heinz"]
[Result "1-0"]
[WhiteElo "2485"]
[BlackElo "2255"]
[PlyCount "33"]
[EventDate "1984.08.22"]
[EventType "swiss"]
[EventRounds "9"]
[EventCountry "ENG"]
[SourceTitle "BritBase"]
[Source "John Saunders"]
[SourceDate "2020.09.07"]
[SourceVersion "1"]
[SourceVersionDate "2020.09.07"]
[SourceQuality "2"]

1. Nf3 Nf6 2. d4 g6 3. Bg5 Ne4 4. Bf4 Bg7 5. Nbd2 d5 6. e3 O-O 7. Bd3 Nxd2 8.
Qxd2 c5 9. c3 Nc6 10. h4 Qe8 11. h5 e5 12. dxe5 Nxe5 13. Bxe5 ({Not} 13. Nxe5 {
, etc, as given in 2020 Big Database}) 13... Bxe5 14. hxg6 hxg6 15. Bxg6 d4 16.
Bh7+ Kg7 17. e4 {Amended 4 July 2021} 1-0

[Event "Lloyds Bank Masters 08th"]
[Site "London, Park Lane Hotel"]
[Date "1984.08.22"]
[Round "1"]
[White "Gutman, Lev"]
[Black "Friedgood, David"]
[Result "1-0"]
[WhiteElo "2485"]
[BlackElo "2305"]
[PlyCount "85"]
[EventDate "1984.08.22"]
[EventType "swiss"]
[EventRounds "9"]
[EventCountry "ENG"]
[SourceTitle "BritBase"]
[Source "John Saunders"]
[SourceDate "2021.06.18"]
[SourceVersion "1"]
[SourceVersionDate "2021.06.18"]
[SourceQuality "2"]

1. Nf3 g6 2. g3 Bg7 3. Bg2 c5 4. d4 cxd4 5. Nxd4 Nc6 6. Nxc6 bxc6 7. O-O Qc7 8.
Nd2 Nf6 9. Nb3 O-O 10. Bd2 a5 11. a4 Nd5 12. Qc1 d6 13. Bh6 e5 14. Bxg7 Kxg7
15. Qd2 Be6 16. Nc1 Rab8 17. b3 Nb4 18. e3 c5 19. c3 Nc6 20. Rb1 c4 21. Bd5
Bxd5 22. Qxd5 Ne7 23. Qd2 cxb3 24. Nxb3 d5 25. f4 f6 26. c4 Qxc4 27. Nxa5 Qxa4
28. fxe5 fxe5 29. Rxb8 Rxb8 30. Qc3 Qe4 31. Qc5 Re8 32. Qa7 d4 33. Nc4 Kh6 34.
Nd6 Qxe3+ 35. Kg2 Nc8 36. Nf7+ Kg7 37. Qa6 Qd2+ 38. Kh1 h6 39. Qf6+ Kh7 40.
Ng5+ hxg5 41. Qf7+ Kh6 42. Qxe8 Qe2 43. Qh8# 1-0

[Event "Lloyds Bank Masters 08th"]
[Site "London, Park Lane Hotel"]
[Date "1984.08.22"]
[Round "1"]
[White "Hansson, Dan"]
[Black "Hebden, Mark L"]
[Result "1-0"]
[WhiteElo "2305"]
[BlackElo "2480"]
[PlyCount "99"]
[EventDate "1984.08.22"]
[EventType "swiss"]
[EventRounds "9"]
[EventCountry "ENG"]
[SourceTitle "BritBase"]
[Source "John Saunders"]
[SourceDate "2021.06.18"]
[SourceVersion "1"]
[SourceVersionDate "2021.06.18"]
[SourceQuality "2"]

1. e4 e5 2. Nf3 Nc6 3. Bb5 a6 4. Ba4 Nf6 5. O-O Be7 6. Re1 b5 7. Bb3 O-O 8. c3
d5 9. exd5 Nxd5 10. Nxe5 Nxe5 11. Rxe5 c6 12. Re1 Bd6 13. d3 Qh4 14. g3 Qh3 15.
Re4 Qf5 16. Nd2 Qg6 17. Nf1 Bf5 18. Rd4 Bc5 19. Rxd5 cxd5 20. d4 Bb6 21. Bxd5
Rad8 22. Qf3 Bg4 23. Qg2 Rfe8 24. Ne3 Qd3 25. Bb3 Bh5 26. Qf1 Qe4 27. a4 Qc6
28. Bc2 Bg6 29. Bd1 b4 30. a5 Bc7 31. d5 Qc5 32. cxb4 Qxb4 33. Ra4 Qb5 34. Rc4
Qxa5 35. b4 Qb6 36. Rc6 Qb8 37. Qxa6 Be5 38. Bd2 Bd4 39. Bf3 Qe5 40. Qc4 Be4
41. Bxe4 Qxe4 42. b5 h5 43. h4 Qe5 44. b6 Ra8 45. b7 Ra1+ 46. Kg2 Rb1 47. Rc8
Bxe3 48. Rxe8+ Qxe8 49. Qc8 Kf8 50. Bxe3 1-0

[Event "Lloyds Bank Masters 08th"]
[Site "London, Park Lane Hotel"]
[Date "1984.08.22"]
[Round "1"]
[White "Hartston, William Roland"]
[Black "Nicholson, John G"]
[Result "1-0"]
[WhiteElo "2440"]
[BlackElo "2295"]
[PlyCount "95"]
[EventDate "1984.08.22"]
[EventType "swiss"]
[EventRounds "9"]
[EventCountry "ENG"]
[SourceTitle "BritBase"]
[Source "John Saunders"]
[SourceDate "2021.06.18"]
[SourceVersion "1"]
[SourceVersionDate "2021.06.18"]
[SourceQuality "2"]

1. d4 Nf6 2. Nf3 c5 3. d5 g6 4. Nc3 Bg7 5. e4 O-O 6. Be2 d6 7. O-O Na6 8. Bf4
Nc7 9. a4 a6 10. h3 Nd7 11. Qd2 Rb8 12. Bh6 b5 13. axb5 axb5 14. Bxg7 Kxg7 15.
b4 cxb4 16. Na2 e5 17. dxe6 Nxe6 18. Qxd6 Rb6 19. Qxb4 Nf4 20. Rfe1 Qf6 21.
Rad1 Re8 22. Qc3 b4 23. Qxf6+ Nxf6 24. e5 Nxe2+ 25. Rxe2 Nh5 26. Re3 Be6 27.
Nc1 Nf4 28. Nd4 Bd5 29. f3 Rc8 30. Nce2 Nxe2+ 31. Rxe2 Bc4 32. Re3 Rcb8 33. f4
b3 34. cxb3 Bxb3 35. Rd2 Bc4 36. Rc3 Rb1+ 37. Kh2 Bf1 38. f5 R1b2 39. Rxb2 Rxb2
40. Rc2 Rxc2 41. f6+ Kh6 42. Nxc2 Bc4 43. Nd4 g5 44. Nf5+ Kg6 45. Ne7+ Kh6 46.
g4 Be6 47. Kg3 Bd7 48. h4 1-0

[Event "Lloyds Bank Masters 08th"]
[Site "London, Park Lane Hotel"]
[Date "1984.08.22"]
[Round "1"]
[White "Khadilkar, Jayshree"]
[Black "Jackson, Sheila"]
[Result "0-1"]
[WhiteElo "1970"]
[BlackElo "2190"]
[PlyCount "96"]
[EventDate "1984.08.22"]
[EventType "swiss"]
[EventRounds "9"]
[EventCountry "ENG"]
[SourceTitle "BritBase"]
[Source "John Saunders"]
[SourceDate "2021.06.18"]
[SourceVersion "1"]
[SourceVersionDate "2021.06.18"]
[SourceQuality "2"]

1. e4 e5 2. Nf3 Nc6 3. Bb5 a6 4. Ba4 Nf6 5. O-O Be7 6. d4 exd4 7. Re1 b5 8. e5
Nxe5 9. Rxe5 d6 10. Re1 bxa4 11. Nxd4 Bd7 12. Qf3 O-O 13. Nc6 Bxc6 14. Qxc6 Re8
15. Bg5 h6 16. Bh4 g5 17. Bg3 Qd7 18. Qf3 Rab8 19. b3 Nh7 20. Nc3 Bf6 21. Rad1
axb3 22. axb3 Re6 23. Nd5 Bd8 24. Qd3 a5 25. f4 Nf6 26. f5 Rxe1+ 27. Bxe1 Nxd5
28. Qxd5 Rb5 29. Qa8 Rxf5 30. Bxa5 Kg7 31. Qa7 Qb5 32. Bxc7 Bxc7 33. Qxc7 Rc5
34. Qxd6 Rxc2 35. Qd3 Qxd3 36. Rxd3 Rb2 37. h3 h5 38. Rd5 f6 39. Rb5 h4 40. Rb6
Kg6 41. Rb5 f5 42. Kf1 g4 43. hxg4 fxg4 44. Kg1 g3 45. Kf1 Rf2+ 46. Kg1 Rb2 47.
Kf1 Rb1+ 48. Ke2 h3 0-1

[Event "Lloyds Bank Masters 08th"]
[Site "London, Park Lane Hotel"]
[Date "1984.08.22"]
[Round "1"]
[White "Pasman, Michael"]
[Black "Martin, Andrew D"]
[Result "1-0"]
[WhiteElo "2310"]
[BlackElo "2445"]
[PlyCount "52"]
[EventDate "1984.08.22"]
[EventType "swiss"]
[EventRounds "9"]
[EventCountry "ENG"]
[SourceTitle "BritBase"]
[Source "John Saunders"]
[SourceDate "2021.06.18"]
[SourceVersion "1"]
[SourceVersionDate "2021.06.18"]
[SourceQuality "2"]

1. e4 c5 2. c3 Nf6 3. e5 Nd5 4. d4 cxd4 5. Bc4 Qc7 6. Qe2 Nb6 7. Bd3 Nc6 8. Nf3
d5 9. O-O Bg4 10. Bf4 e6 11. Rc1 Qd7 12. a4 a6 13. cxd4 Nxd4 14. Qd1 Nxf3+ 15.
gxf3 Bh5 16. Qb3 Nc8 17. Nc3 Na7 18. a5 Rc8 19. Na4 Rc6 20. Bxa6 Rxa6 21. Nb6
Qe7 22. Qa4+ Kd8 23. b4 g5 24. Be3 Bg7 25. b5 Bxe5 26. bxa6 bxa6 1-0

[Event "Lloyds Bank Masters 08th"]
[Site "London, Park Lane Hotel"]
[Date "1984.08.22"]
[Round "1"]
[White "Popovych, Orest"]
[Black "Watson, William N"]
[Result "0-1"]
[WhiteElo "2300"]
[BlackElo "2450"]
[PlyCount "89"]
[EventDate "1984.08.22"]
[EventType "swiss"]
[EventRounds "9"]
[EventCountry "ENG"]
[SourceTitle "BritBase"]
[Source "John Saunders"]
[SourceDate "2021.06.18"]
[SourceVersion "1"]
[SourceVersionDate "2021.06.18"]
[SourceQuality "2"]

1. e4 c5 2. Nf3 d6 3. d4 cxd4 4. Nxd4 Nf6 5. Nc3 g6 6. Be3 Bg7 7. f3 O-O 8. Qd2
Nc6 9. Bc4 Bd7 10. h4 h5 11. O-O-O Rc8 12. Bb3 Ne5 13. Kb1 Nc4 14. Bxc4 Rxc4
15. Nb3 b5 16. e5 Ne8 17. Bh6 Bxe5 18. Bxf8 Kxf8 19. Nd5 Nf6 20. Rhe1 Nxd5 21.
Rxe5 Nf6 22. Ree1 Rxh4 23. Qh6+ Kg8 24. Qg5 Rc4 25. Qe3 a5 26. Qxe7 Qxe7 27.
Rxe7 a4 28. Na5 Rh4 29. a3 d5 30. Rxd7 Nxd7 31. Rxd5 Nf6 32. Rxb5 Rh1+ 33. Ka2
Rg1 34. Rb4 Rxg2 35. Rxa4 g5 36. Rd4 h4 37. c4 h3 38. Rd1 h2 39. Rh1 Nh5 40. c5
Ng3 41. c6 Nxh1 42. Kb3 Ng3 43. c7 h1=Q 44. c8=Q+ Kh7 45. Nc4 0-1

[Event "Lloyds Bank Masters 08th"]
[Site "London, Park Lane Hotel"]
[Date "1984.08.22"]
[Round "1"]
[White "Thipsay, Bagyashree Sathe"]
[Black "Bellin, Jana"]
[Result "0-1"]
[WhiteElo "2100"]
[BlackElo "2245"]
[PlyCount "120"]
[EventDate "1984.08.22"]
[EventType "swiss"]
[EventRounds "9"]
[EventCountry "ENG"]
[SourceTitle "BritBase"]
[Source "John Saunders"]
[SourceDate "2021.06.18"]
[SourceVersion "1"]
[SourceVersionDate "2021.06.18"]
[SourceQuality "2"]

1. e4 c5 2. c3 d5 3. exd5 Qxd5 4. d4 e6 5. Nf3 Nf6 6. Be2 cxd4 7. cxd4 Nc6 8.
Nc3 Qd6 9. O-O Be7 10. Bg5 O-O 11. Qd2 Nd5 12. Rfd1 h6 13. Bxe7 Ncxe7 14. Ne5
b6 15. Rac1 Bb7 16. Ne4 Qd8 17. Ng3 Nf6 18. Rc2 Rc8 19. Rxc8 Qxc8 20. Rc1 Qa8
21. Bf1 Ned5 22. Nc4 Rd8 23. Bd3 Ne7 24. Ne3 Qb8 25. Bb1 Qf4 26. Ne2 Qd6 27.
Nc4 Qd5 28. Ne3 Qd7 29. Nc4 Nc6 30. Rd1 b5 31. Ne3 Qd6 32. Qc3 Nd5 33. Qd3 Nxe3
34. Qh7+ Kf8 35. fxe3 f6 36. Bg6 Ne7 37. Bh5 e5 38. Rf1 exd4 39. Nxd4 Qe5 40.
Nf5 Nxf5 41. Qxf5 Qxe3+ 42. Kh1 Qe4 43. Qc5+ Kg8 44. Bf3 Qd3 45. Qf2 Bxf3 46.
gxf3 Qd4 47. Qe2 Qd5 48. b3 Qd3 49. Re1 Qxe2 50. Rxe2 Kf7 51. Kg2 g5 52. Kf2
Rd5 53. Rc2 a5 54. Ke3 Ke6 55. h3 Kd6 56. f4 Rc5 57. Rd2+ Ke6 58. fxg5 fxg5 59.
Kf3 Kf6 60. Rd3 b4 {n.b. their respective surnames when this game was played
were Sathe and Miles} 0-1

[Event "Lloyds Bank Masters 08th"]
[Site "London, Park Lane Hotel"]
[Date "1984.08.22"]
[Round "1"]
[White "Wells, Peter K"]
[Black "Gruenberg, Rainer"]
[Result "1-0"]
[WhiteElo "2350"]
[BlackElo "2255"]
[PlyCount "63"]
[EventDate "1984.08.22"]
[EventType "swiss"]
[EventRounds "9"]
[EventCountry "ENG"]
[SourceTitle "BritBase"]
[Source "John Saunders"]
[SourceDate "2021.06.18"]
[SourceVersion "1"]
[SourceVersionDate "2021.06.18"]
[SourceQuality "2"]

1. d4 Nf6 2. Nf3 g6 3. c4 Bg7 4. Nc3 d5 5. cxd5 Nxd5 6. e4 Nxc3 7. bxc3 O-O 8.
Be2 c5 9. Rb1 Nc6 10. d5 Ne5 11. Nxe5 Bxe5 12. Qd2 e6 13. f4 Bg7 14. c4 Re8 15.
e5 f6 16. d6 fxe5 17. Bb2 e4 18. Bxg7 Kxg7 19. h4 b6 20. h5 Rf8 21. hxg6 hxg6
22. Rb3 Qf6 23. Rbh3 Qd4 24. Rh7+ Kf6 25. g4 Qxd2+ 26. Kxd2 e5 27. Rf1 Rd8 28.
g5+ Ke6 29. Ke3 exf4+ 30. Kxe4 Bd7 31. Bg4+ Kxd6 32. Rd1+ 1-0

[Event "Lloyds Bank Masters 08th"]
[Site "London, Park Lane Hotel"]
[Date "1984.08.23"]
[Round "2"]
[White "Butt, C."]
[Black "Franklin, Michael J"]
[Result "1-0"]
[WhiteElo "2120"]
[BlackElo "2285"]
[PlyCount "49"]
[EventDate "1984.08.22"]
[EventType "swiss"]
[EventRounds "9"]
[EventCountry "ENG"]
[SourceTitle "BritBase"]
[Source "John Saunders"]
[SourceDate "2020.09.07"]
[SourceVersion "1"]
[SourceVersionDate "2020.09.07"]
[SourceQuality "2"]

1. b3 d5 2. Bb2 Bf5 3. e3 e6 4. Nf3 h6 5. d3 Nf6 6. Be2 Be7 7. Ne5 O-O 8. O-O
c6 9. Nd2 a5 10. a3 Na6 11. Kh1 Nc5 12. g4 Bh7 13. f4 Ne8 14. Rg1 Nd6 15. Nf1
f6 16. Nf3 Nf7 17. Ng3 Nd7 18. Nd4 Nc5 19. Qf1 Qd6 20. Qh3 g6 21. f5 exf5 22.
gxf5 g5 23. Ne6 Nxe6 24. fxe6 Nd8 25. Bg4 1-0

[Event "Lloyds Bank Masters 08th"]
[Site "London, Park Lane Hotel"]
[Date "1984.08.23"]
[Round "2"]
[White "Fernandes, Antonio ETG"]
[Black "Cox, John J"]
[Result "1-0"]
[WhiteElo "2400"]
[BlackElo "2320"]
[PlyCount "67"]
[EventDate "1984.08.22"]
[EventType "swiss"]
[EventRounds "9"]
[EventCountry "ENG"]
[SourceTitle "BritBase"]
[Source "John Saunders"]
[SourceDate "2021.06.18"]
[SourceVersion "1"]
[SourceVersionDate "2021.06.18"]
[SourceQuality "2"]

1. e4 c5 2. Nf3 e6 3. d4 cxd4 4. Nxd4 a6 5. Nc3 Nc6 6. Nxc6 bxc6 7. Bd3 d5 8.
O-O Nf6 9. Bg5 Be7 10. Qe2 O-O 11. Rae1 a5 12. Kh1 d4 13. Na4 e5 14. f4 Nd7 15.
Qh5 Bxg5 16. fxg5 g6 17. Qh6 Nb6 18. Nxb6 Qxb6 19. b3 Qb4 20. Qh4 Be6 21. Rf3
Qe7 22. Rf6 a4 23. Ref1 axb3 24. axb3 Ra2 25. Qg3 Qc7 26. h4 Rfa8 27. Kh2 Ra1
28. R1f2 Re8 29. h5 Re7 30. hxg6 hxg6 31. Qh4 Qd7 32. R2f3 Rd1 33. Qh6 Qe8 34.
Bc4 1-0

[Event "Lloyds Bank Masters 08th"]
[Site "London, Park Lane Hotel"]
[Date "1984.08.23"]
[Round "2"]
[White "Fuller, Maxwell L"]
[Black "Greenfeld, Alon"]
[Result "0-1"]
[WhiteElo "2335"]
[BlackElo "2485"]
[PlyCount "78"]
[EventDate "1984.08.22"]
[EventType "swiss"]
[EventRounds "9"]
[EventCountry "ENG"]
[SourceTitle "BritBase"]
[Source "John Saunders"]
[SourceDate "2021.06.18"]
[SourceVersion "1"]
[SourceVersionDate "2021.06.18"]
[SourceQuality "2"]

1. g3 d5 2. Bg2 Nf6 3. d3 c6 4. Nf3 Bg4 5. Nbd2 Nbd7 6. h3 Bh5 7. g4 Bg6 8. Nh4
e5 9. Nxg6 hxg6 10. e3 Bd6 11. Qe2 Qe7 12. c4 Nb6 13. a3 dxc4 14. dxc4 Rd8 15.
g5 Nfd7 16. h4 a5 17. Ne4 Nc5 18. Nxc5 Bxc5 19. Bd2 Ra8 20. Rb1 a4 21. Qg4 Qd7
22. Qe4 O-O 23. Bh3 Qe7 24. Bc3 Rae8 25. Ke2 f5 26. gxf6 Rxf6 27. f3 Qf7 28.
Rbc1 Nxc4 29. Bb4 Nd6 30. Qg4 Bxb4 31. Qxb4 Rxf3 32. Qxd6 Rf2+ 33. Ke1 Qf3 34.
Bf1 Qxe3+ 35. Kd1 Qf3+ 36. Ke1 Rf8 37. Bc4+ Kh8 38. Rg1 Qe3+ 39. Kd1 R2f6 0-1

[Event "Lloyds Bank Masters 08th"]
[Site "London, Park Lane Hotel"]
[Date "1984.08.23"]
[Round "2"]
[White "Hebden, Mark L"]
[Black "Shvidler, Eliahu"]
[Result "1-0"]
[WhiteElo "2480"]
[BlackElo "2430"]
[PlyCount "133"]
[EventDate "1984.08.22"]
[EventType "swiss"]
[EventRounds "9"]
[EventCountry "ENG"]
[SourceTitle "BritBase"]
[Source "John Saunders"]
[SourceDate "2021.06.18"]
[SourceVersion "1"]
[SourceVersionDate "2021.06.18"]
[SourceQuality "2"]

1. e4 e5 2. f4 d5 3. exd5 c6 4. Nc3 exf4 5. Nf3 Bd6 6. d4 Ne7 7. dxc6 Nbxc6 8.
d5 Nb4 9. Bc4 Bf5 10. Bb3 O-O 11. O-O Bg4 12. a3 Na6 13. Ne4 Nc5 14. Nxc5 Bxc5+
15. Kh1 Ng6 16. Qd3 Re8 17. Bd2 Qd7 18. c4 Bf5 19. Qc3 Re2 20. Rae1 Rae8 21.
Bd1 Rxe1 22. Rxe1 Rxe1+ 23. Nxe1 b5 24. Qa5 Bd4 25. Qxb5 Qxb5 26. cxb5 Bxb2 27.
Bc2 Bd7 28. a4 Be5 29. Bxg6 hxg6 30. Nd3 f6 31. Bxf4 Bxf4 32. Nxf4 Kf7 33. Kg1
g5 34. Nd3 Ke7 35. Nb4 Kd6 36. Nc6 Kxd5 37. Nxa7 Kc5 38. Kf2 Kb6 39. Nc6 Bg4
40. Ke1 Bf5 41. a5+ Kc5 42. a6 Kb6 43. Nd4 Be4 44. Kf2 f5 45. g3 f4 46. g4 Bd5
47. Ke2 Kc5 48. Kd2 g6 49. Ne2 Bf3 50. Ng1 Bd5 51. Nh3 Kxb5 52. a7 Kb6 53. Nxg5
Kxa7 54. Nh3 Be6 55. Nf2 Kb6 56. Kd3 Kc5 57. Ke4 g5 58. Ke5 Bd7 59. Kf6 Kd4 60.
Kxg5 Ke3 61. h4 f3 62. Nh1 Bb5 63. h5 Bf1 64. h6 Bg2 65. Ng3 f2 66. h7 Kf3 67.
Kh4 1-0